Németh László nőalakjai a Gyász és Iszony című regények összehasonlító elemzése alapján

Elmentve itt :
Bibliográfiai részletek
Szerző: Papp Zsuzsanna
További közreműködők: Bíró Zoltán (Témavezető)
Dokumentumtípus: Szakdolgozat
Megjelent: 1992
Tárgyszavak:
Online Access:http://diploma.bibl.u-szeged.hu/95407
LEADER 00696nta a2200193 i 4500
001 dipl95407
005 20201203084143.0
008 201201s1992 hu om 0|| zxx d
040 |a SZTE Diploma Repozitórium  |b hun 
041 |a zxx 
100 1 |a Papp Zsuzsanna 
245 1 0 |a Németh László nőalakjai a Gyász és Iszony című regények összehasonlító elemzése alapján  |h [elektronikus dokumentum] /  |c Zsuzsanna Papp 
260 |c 1992 
650 4 |a Pedagógusképzés 
650 4 |a Humanities 
650 4 |a Languages and Literature 
650 4 |a Literary theory 
700 1 |a Bíró Zoltán  |e ths 
856 4 0 |u http://diploma.bibl.u-szeged.hu/id/eprint/95407/1/1992_papp_zsuzsanna.pdf  |z Dokumentum-elérés